Best Selling Games On Steam For 2021 - Statistics

General Stats
  • This quiz has been taken 11 times
  • The average score is 8 of 100
Answer Stats
Game Title % Correct
GTA V
60%
FIFA 21
50%
Red Dead Redemption 2
50%
FIFA 22
40%
Deep Rock Galactic
30%
Rainbow Six: Siege
30%
Battlefield 2042
20%
Call of Duty: Black Ops 3
20%
Counter Strike: Global Offensive
20%
Dead By Daylight
20%
Destiny 2
20%
DOOM Eternal
20%
Euro Truck Simulator 2
20%
Phasmophobia
20%
PUBG
20%
Resident Evil Village
20%
Sea Of Thieves
20%
Stardew Valley
20%
Terraria
20%
Apex Legends
10%
ARK: Survival Evolved
10%
Baldur's Gate 3
10%
Battlefield V
10%
Black Desert
10%
Bloons TD 6
10%
Borderlands 3
10%
Days Gone
10%
DayZ
10%
DOTA 2
10%
Dying Light
10%
Fall Guys
10%
Forza Horizon 5
10%
Half Life: Alyx
10%
Horizon: Zero Dawn
10%
It Takes Two
10%
Monster Hunter: World
10%
NBA 2K21
10%
NBA 2K22
10%
No Man's Sky
10%
Raft
10%
Rust
10%
Team Fortress 2
10%
The Binding of Isaac: Rebirth
10%
The Elder Scrolls Online
10%
The Forest
10%
theHunter: Call of the Wild
10%
The Witcher 3: Wild Hunt
10%
Valheim
10%
Warframe
10%
Warthunder
10%
Age of Empires II
0%
Age of Empires IV
0%
Arma III
0%
Back 4 Blood
0%
Biomutant
0%
Cities: Skylines
0%
Crusader Kings III
0%
Cyberpunk 2077
0%
Dyson Sphere Program
0%
EA Play
0%
F1 2021
0%
Fallout 4
0%
Fallout 76
0%
Farming Simulator 22
0%
Final Fantasy XIV Online
0%
Football Manager 2022
0%
Forza Horizon 4
0%
Guilty Gear Strive
0%
Hades
0%
Halo Infinite
0%
Halo: The Master Chief Collection
0%
Hearts of Iron IV
0%
HUMANKIND
0%
Hunt: Showdown
0%
Mass Effect Legendary Edition
0%
Microsoft Flight Simulator
0%
Naraka: Bladepoint
0%
New World
0%
NieR: Replicant
0%
Nioh 2
0%
Outriders
0%
Path of Exile
0%
Phantasy Star Online 2
0%
Planet Zoo
0%
RimWorld
0%
Satisfactory
0%
Sekiro: Shadows Die Twice
0%
Sid Meiers Civilization VI
0%
SMITE
0%
Star Wars: The Old Republic
0%
Stellaris
0%
Tale of Immortal
0%
Tales of Arise
0%
The Elder Scrolls V: Skyrim
0%
The Sims 4
0%
Total War: WARHAMMER II
0%
Wallpaper Engine
0%
World of Tanks Blitz
0%
World of Warships
0%
Yu-Gi-Oh! Duel Links
0%
No matching quizzes found
Score Distribution
Percent of People with Each Score
Percentile by Number Answered
Your Score History
You have not taken this quiz